LEADER 01072nam a2200229 i 4500 001 000000071874 003 CaOOAMICUS 005 20090127000000.0 008 090127s1963 it u000 u ita u 013 $a43046 040 $aSeMil$bita 100 1 $aVerucci, Guido.$0(OLS)http://semarc/name/23563 245 10$aFélicité Lamennais :$bdal cattolicesimo autoritario al radicalismo democratico /$cGuido Verucci. 260 $aNapoli :$bNella sede dell'Istituto,$c1963. 300 $a353 p. ;$c24 cm. 490 0 $aIstituto italiano per gli studi storici ;$v15 600 14$aLamennais, Félicité Robert : de <1782-1854>.$0(OLS)http://semarc/subject/12063 830 0$aIstituto italiano per gli studi storici ;$v15.$0(OLS)http://semarc/title/21100 850 $aSeMil 852 $aSeMil$W1$xVenegono$y1$m2P V 97$j38027$B38027$CSeMilBibl$Z2$F38030 $81 996 $6245$aFélicité Lamennais :$bdal cattolicesimo autoritario al radicalismo democratico$9(OLS)http://semarc/title/115721 996 $6260$aNapoli :$bNella sede dell'Istituto$9(OLS)http://semarc/publisher/39960 LEADER 01627nam a2200301 i 4500 001 000000219804 003 CaOOAMICUS 005 20130410000000.0 008 130410s2012 it u000 u mul u 013 $a198701 020 $a978-88-10-30242-2 040 $aSeMil$bita 245 14$a«La Parola di Dio non è incatenata» (2Tm 2,9) :$bscritti in onore di Marcheselli-Casale nel suo 70. compleanno /$ca cura di Antonio Pitta, Gaetano Di Palma. 260 $aBologna :$bEDB,$c2012. 300 $a456 p., [2] p. di tav. :$britr., ill. ;$c24 cm. 490 0 $aSupplementi alla Rivista Biblica ;$v54 650 4$aBibbia. Nuovo Testamento. Lettere di Paolo - Commentari, studi, critica, interpretazioni.$0(OLS)http://semarc/subject/935 650 4$aBibbia - NT - 2 Timoteo - Commentari e studi.$0(OLS)http://semarc/subject/9691 700 1 $aMarcheselli Casale, Cesare,$d<1941- >.$0(OLS)http://semarc/name/3946 700 1 $aDi Palma, Gaetano,$d<1964- >.$0(OLS)http://semarc/name/59415 700 1 $aPitta, Antonio,$c.$0(OLS)http://semarc/name/20188 830 0$aSupplementi alla Rivista Biblica ;$v54.$0(OLS)http://semarc/title/12 850 $aSeMil 852 $aSeMil$W1$xVenegono$y1$m2XA K 54$j170165$B170165$CSeMilBibl$Z2$F180968 $81 961 $aSottoscrizione: LI.CO.SA 996 $6020$a978-88-10-30242-2$9(OLS)http://semarc/number/218075 996 $6245$a«La Parola di Dio non è incatenata» (2Tm 2,9) :$bscritti in onore di Marcheselli-Casale nel suo 70. compleanno$9(OLS)http://semarc/title/315318 996 $6260$aBologna :$bEDB$9(OLS)http://semarc/publisher/29669